[Event "3rd GRENKE Chess Open 2018"]
[Site "Karlsruhe"]
[Date "2018.04.02"]
[Round "8"]
[White "Bacrot, Etienne"]
[Black "Riff, Jean-Noel"]
[Result "1-0"]
[WhiteElo "2718"]
[BlackElo "2503"]
[Annotator "TA"]
[PlyCount "85"]
[EventDate "2018.??.??"]
[EventType "swiss"]
[EventCountry "GER"]
[SourceTitle "playchess.com"]
[Source "ChessBase"]
[SourceQuality "1"]

{[%evp 16,85,12,0,8,0,24,-17,0,0,-2,-8,0,-1,-1,-33,0,0,42,39,58,61,47,47,62,51,61,61,91,50,71,49,55,0,43,29,43,40,43,43,38,14,14,0,0,0,22,18,20,0,7,0,35,36,73,72,223,214,230,229,230,230,217,203,195,191,201,205,217,181,220,207]} 1. e4 c5 2. Nf3 d6 3. d4 cxd4 4. Nxd4 Nf6 5. Nc3 a6 6. g3 e5 7. Nf3 {B91: Sicilian Najdorf: 6 g3} Be7 8. Nh4 O-O 9. Bg2 {LiveBook: 3 Games. The position is equal.} g6 10. a4 Bg4 $146 ({Predecessor:} 10... Nc6 11. O-O Bg4 12. Nf3 Nd4 13. Be3 Nxf3+ 14. Bxf3 Be6 {½-½ (24) Motylev,A (2680)-Kokarev,D (2620) Sochi 2017}) 11. Qd3 Nbd7 12. Bh6 Re8 $1 13. O-O Be6 14. h3 Rc8 {Strongly threatening ...Bc4.} 15. Qd2 Qb6 16. Rfb1 {[%cal Bf1b1,Bb1d1,Bd1d2][%mdl 32]} Qd4 {[#]} 17. Nf5 $1 {[%mdl 512]} Qxd2 (17... Bxf5 18. exf5) 18. Nxe7+ Rxe7 19. Bxd2 Nb8 20. Bg5 Kg7 $1 21. Rd1 Rc6 22. Rd2 Rec7 23. Rad1 Ne8 $1 24. a5 (24. Be3 $14) 24... Nd7 25. Ra1 b5 26. axb6 Nxb6 27. Rdd1 Nd7 28. Bf1 Rb7 29. Bc1 Nc7 30. Ra5 Kf8 31. Kg2 $36 {[%mdl 2048] White fights for an advantage.} Ke7 32. Bd3 f6 33. h4 {[%cal Bh3h4,Bh4h5][%mdl 32]} Rb8 34. h5 {And now hxg6 would win.} g5 35. Nd5+ Bxd5 $2 {[#]} (35... Kf7 $16) 36. exd5 $18 {White is clearly better.} Rcb6 37. Bxh7 Rh8 38. Bg6 Nf8 39. Bd3 Rxh5 40. b3 Nd7 41. Be3 Rb8 42. Be2 Rh7 43. Bxa6 {Precision: White = 49%, Black = 43%.} 1-0

[Event "3rd GRENKE Chess Open 2018"]
[Site "Karlsruhe"]
[Date "2018.04.02"]
[Round "8"]
[White "Wang, Hao"]
[Black "Noe, Christopher"]
[Result "1/2-1/2"]
[WhiteElo "2713"]
[BlackElo "2494"]
[Annotator "TA"]
[PlyCount "59"]
[EventDate "2018.??.??"]
[EventType "swiss"]
[EventCountry "GER"]
[SourceTitle "playchess.com"]
[Source "ChessBase"]
[SourceQuality "1"]

{[%evp 15,59,15,43,20,19,18,42,9,22,17,25,25,37,19,38,9,11,0,18,14,14,29,23,0,0,0,0,0,0,0,0,-14,-5,-12,0,0,0,0,0,0,0,0,0,-39,-31,-59]} 1. e4 e5 2. Nf3 Nc6 3. d4 exd4 4. Nxd4 Bc5 5. Nb3 Bb4+ 6. c3 Be7 7. Bf4 {C45: Scotch Game} d6 8. N1d2 Nf6 {LiveBook: 10 Games} 9. Bd3 {White is slightly better.} Bg4 $146 ({Predecessor:} 9... Ne5 10. Be2 O-O 11. O-O b6 12. Nd4 Bb7 13. Qc2 Re8 14. Bb5 c6 15. Bxe5 cxb5 {0-1 (64) Solodovnichenko,Y (2598)-Georgiev,K (2680) La Massana 2012}) 10. Be2 Qd7 11. h3 (11. f3 {keeps more tension.} Be6 12. Nd4 d5 13. Bb5 dxe4 14. Nxe4 Nd5 15. Bd2) 11... Bxe2 12. Qxe2 O-O 13. O-O Rfe8 14. Rfe1 Bf8 15. Qd3 Ne5 16. Qc2 d5 17. Rad1 dxe4 18. Nxe4 Qf5 19. Bh2 (19. Nxf6+ {looks sharper.} Qxf6 20. Bg3 Re7 21. Re4 Rae8 22. Nd4) 19... Nxe4 20. Qxe4 Qxe4 21. Rxe4 Nd3 $1 22. Rxe8 Rxe8 23. Bxc7 Nxb2 24. Rd4 Rc8 25. Rd7 Na4 26. c4 f6 27. g4 b6 28. Kg2 Nb2 29. h4 Nxc4 30. g5 {Precision: White = 41%, Black = 65%.} 1/2-1/2

[Event "3rd GRENKE Chess Open 2018"]
[Site "Karlsruhe"]
[Date "2018.04.02"]
[Round "8"]
[White "Andreikin, Dmitry"]
[Black "Lagarde, Maxime"]
[Result "1-0"]
[WhiteElo "2712"]
[BlackElo "2587"]
[Annotator "TA"]
[PlyCount "69"]
[EventDate "2018.??.??"]
[EventType "swiss"]
[EventCountry "GER"]
[SourceTitle "playchess.com"]
[Source "ChessBase"]
[SourceQuality "1"]

{[%evp 14,69,8,15,15,17,45,40,46,45,47,44,45,48,50,44,58,46,72,85,85,95,113,104,145,142,127,126,140,147,133,130,233,229,254,256,297,280,320,316,297,277,517,520,471,458,439,404,1953,1795,29986,29987,29988,29988,29988,29989,29989,550]} 1. d4 f5 2. Nf3 Nf6 3. Bg5 e6 4. Nbd2 Be7 5. e3 {[%cal Be2e3,Be3e4,Be4e5][%mdl 32]} b6 6. Bd3 {A80: Dutch Defence: Unusual White second moves} Bb7 7. Bxf6 Bxf6 8. e4 {LiveBook: 7 Games. The position is equal.} O-O (8... fxe4 9. Bxe4 d5 10. Bd3 O-O 11. O-O Nc6 12. c3 Qd6 13. Re1 {0-1 (36) Andreikin,D (2705)-Kamsky,G (2676) Sochi 2017}) 9. c3 g6 10. h4 $146 {[%cal Bh2h4,Bh4g5][%mdl 32]} ({Predecessor:} 10. exf5 exf5 11. Qb3+ d5 12. O-O Nd7 13. c4 Kh8 {0-1 (47) Verich,O (994)-Raines,D (1067) LSS email 2010}) 10... d5 {[%cal Rd5e4]} 11. e5 Be7 12. Ng5 Bxg5 13. hxg5 c5 14. f4 a5 15. Nf1 Ba6 16. Ne3 Bxd3 17. Qxd3 Qd7 18. g4 c4 19. Qc2 Na6 20. gxf5 exf5 21. b3 b5 22. bxc4 bxc4 (22... dxc4 $16 23. O-O-O Qb7) 23. Rb1 Qc6 24. Kf2 Rab8 25. Kg3 Nc7 26. Rxb8 Rxb8 27. Rb1 Qe8 $2 (27... Rxb1 28. Qxb1 Kg7) 28. Rxb8 $18 Qxb8 {[#]} 29. Qa4 $1 Qb5 30. Qa3 {aiming for Qd6.} ({Less strong is} 30. Qxb5 Nxb5 31. Nxd5 a4 $18) 30... Qb1 (30... Qb6 $142 31. Qe7 Qc6 32. Qd8+ Kf7) 31. Qe7 Nb5 32. e6 {White mates.} h5 33. Qf7+ Kh8 34. Qf8+ Kh7 35. Qh6+ {Precision: White = 93%, Black = 42%.} 1-0

[Event "3rd GRENKE Chess Open 2018"]
[Site "Karlsruhe"]
[Date "2018.04.02"]
[Round "8"]
[White "Kasimdzhanov, Rustam"]
[Black "Harff, Marcel"]
[Result "1-0"]
[WhiteElo "2676"]
[BlackElo "2400"]
[Annotator "TA"]
[PlyCount "51"]
[EventDate "2018.??.??"]
[EventType "swiss"]
[EventCountry "GER"]
[SourceTitle "playchess.com"]
[Source "ChessBase"]
[SourceQuality "1"]

{[%evp 18,51,44,43,71,46,71,75,94,38,41,26,36,17,27,31,34,32,46,18,112,117,106,106,117,98,165,135,158,112,116,109,159,141,460,472]} 1. e4 e6 2. d4 d5 3. Nd2 Be7 4. Ngf3 Nf6 5. e5 Nfd7 6. Bd3 c5 7. c3 Nc6 8. O-O cxd4 9. cxd4 O-O {C06: French Tarrasch: 3...Nf6 4 e5 Nfd7 5 Bd3 main lines} (9... Nb6 10. Re1 Bd7 11. Nf1 Rc8 12. a3 a6 13. Ng3 h5 14. Bd2 Na7 15. Rc1 Ba4 16. Rxc8 Qxc8 17. Qb1 {1-0 (46) Naiditsch,A (2687)-Maier,C (2390) Tallinn 2016}) 10. Re1 {LiveBook: 13 Games} Re8 11. Nf1 f6 {White is slightly better.} 12. exf6 Bxf6 13. Be3 $146 (13. Ne3 $16) ({Predecessor:} 13. a3 Nf8 14. Ne3 Qb6 15. Nxd5 exd5 16. Rxe8 Kf7 17. Re1 Nxd4 18. Ng5+ Kg8 19. Nxh7 Bd7 20. Qh5 {1-0 (20) Khamrakulov,I (2509)-Dhar Barua,S (2091) Seville 2013}) 13... e5 $14 14. Qb3 Kh8 $1 {[#] White must now prevent ...e4.} 15. dxe5 (15. Qxd5 $2 Nb4 $19) 15... Ndxe5 16. Nxe5 Bxe5 17. Rac1 Rb8 18. h3 Be6 (18... a6 $11) 19. Bxa7 $1 $16 d4 20. Qb5 {[#] Threatens to win with Rxc6.} Ra8 21. Bb6 (21. Rxe5 Nxe5 22. Qxe5 Rxa7 $11) 21... Qb8 (21... Qg5 $16) 22. a3 $18 Bg8 23. Be4 Bf6 24. Ng3 Re5 25. Qd3 Ra6 $2 {[%mdl 8192]} (25... Bf7 $16 {is tougher.} 26. Red1 (26. Bxh7 Ra6 $16) (26. Bxc6 bxc6 27. Rxe5 Qxe5 $16) (26. Bxd4 Nxd4 27. Qxd4 Rb5 $16) 26... Qe8) 26. Rxc6 {Precision: White = 57%, Black = 35%.} 1-0

[Event "3rd GRENKE Chess Open 2018"]
[Site "Karlsruhe"]
[Date "2018.04.02"]
[Round "8"]
[White "Korobov, Anton"]
[Black "Poetsch, Hagen"]
[Result "1-0"]
[WhiteElo "2664"]
[BlackElo "2484"]
[Annotator "TA"]
[PlyCount "61"]
[EventDate "2018.??.??"]
[EventType "swiss"]
[EventCountry "GER"]
[SourceTitle "playchess.com"]
[Source "ChessBase"]
[SourceQuality "1"]

{[%evp 19,61,2,7,7,9,0,14,0,0,-4,0,0,28,0,0,0,0,0,0,-10,0,-25,25,26,44,61,62,22,23,24,228,221,225,207,333,332,471,484,29990,29991,29991,29992,29992,29993]} 1. d4 d5 2. c4 dxc4 3. Nf3 Nf6 4. e3 e6 5. Bxc4 a6 6. O-O b5 7. Bb3 Bb7 8. Nc3 c5 9. e4 {D27: Queen's Gambit Accepted: Classical main line: 7 e4!? and 7 a4} cxd4 10. Nxd4 Nbd7 {LiveBook: 15 Games} 11. Be3 $146 {The position is equal.} ({Predecessor:} 11. Re1 Nc5 12. Bd5 Rc8 13. Bg5 Be7 14. Bxb7 Nxb7 15. e5 Nd5 16. Bxe7 {½-½ (16) Berkes,F (2648)-Tarlev,K (2592) Rasht 2017}) 11... Nc5 12. f3 Be7 13. Qe2 O-O 14. Rfd1 Qc7 15. Rac1 Rac8 16. Bc2 Qb8 17. a3 Ncd7 18. Bb3 {With the idea Nxe6!} Rfd8 19. Qe1 Bc5 20. Nce2 Qa7 21. Kh1 Bb6 {next ...e5 is good for Black.} ({But not} 21... e5 $6 22. Rxc5 Nxc5 {[#]} 23. Ne6 $1 $16 {[%mdl 512]}) 22. Rxc8 Rxc8 23. Qg3 {And now Bh6 would win.} Nf8 24. Bg1 Ng6 $2 {[#]} (24... Kh8 $11 {and Black stays safe.}) 25. Nxe6 $1 $18 {[%mdl 512]} Bxg1 (25... fxe6 26. Bxe6+) 26. Nxg1 $40 {[%mdl 128] White is out for blood.} ({Not} 26. Rxg1 Bxe4 27. Nc3 Bd3 $11) 26... Bxe4 (26... h6 $142 27. Nf4 Nxf4 28. Qxf4 Qc5 29. Bxf7+ Kxf7) 27. Ng5 Bc2 (27... Bf5 $142 28. Nxf7 (28. Bxf7+ Kh8 $16) 28... Qe3) 28. Bxc2 ({Weaker is} 28. Bxf7+ Kh8 $18) 28... Rxc2 (28... Rf8 $18 29. Ne4 Nxe4 30. Bxe4 Qe3) 29. Rd8+ {White mates.} Nf8 30. Qd6 {[%csl Gd6][%cal Rd8f8]} N6d7 31. Qe7 {Precision: White = 72%, Black = 38%.} 1-0

[Event "3rd GRENKE Chess Open 2018"]
[Site "Karlsruhe"]
[Date "2018.04.02"]
[Round "8"]
[White "Fridman, Daniel"]
[Black "Nasuta, Grzegorz"]
[Result "1/2-1/2"]
[WhiteElo "2637"]
[BlackElo "2465"]
[Annotator "TA"]
[PlyCount "93"]
[EventDate "2018.??.??"]
[EventType "swiss"]
[EventCountry "GER"]
[SourceTitle "playchess.com"]
[Source "ChessBase"]
[SourceQuality "1"]

{[%evp 26,93,30,23,27,21,28,8,29,0,14,13,26,16,21,25,12,15,33,0,19,3,8,0,-10,-5,0,-25,-33,-23,0,0,0,-14,9,6,48,10,11,0,0,0,0,0,0,0,0,0,0,0,0,0,0,0,0,0,0,0,8,0,0,0,0,0,0,0,0,0,0,0]} 1. Nf3 c5 2. e3 Nf6 3. d4 d5 4. c4 cxd4 5. exd4 Nc6 6. Nc3 g6 7. cxd5 Nxd5 8. Qb3 e6 9. Bb5 Bg7 10. O-O {A35: Symmetrical English: 2 Nc3 Nc6 3 Nf3} O-O 11. Bxc6 bxc6 12. Na4 (12. Re1 Qd6 13. Ne4 Qb4 14. Qc2 a5 15. a3 Qb6 16. Nc5 Re8 17. Ne5 f6 {1-0 (33) Giri,A (2752)-Mamedyarov,S (2804) Wijk aan Zee 2018}) 12... Ba6 {[%cal Bc8a6,Ba6c4,Bc4d5][%mdl 32]} 13. Re1 Nb6 {[%cal Bd5b6,Bb6c8,Bc8d6,Bd6f5][%mdl 32]} 14. Nc5 {LiveBook: 10 Games} Bc4 15. Qc3 Bd5 16. Ne5 Nc8 17. Qh3 Re8 {[#]} 18. Bh6 $146 {[#] Black must now prevent Bxg7.} Bh8 19. Rad1 Nd6 20. b3 Nf5 21. Bc1 {[%cal Bh6c1,Bc1b2,Bb2c3][%mdl 32]} Bg7 22. Bb2 Qa5 23. Bc3 Qc7 24. g4 Nd6 25. Qg3 $1 Rac8 26. a4 f6 27. Ned3 Nf7 28. Qxc7 Rxc7 29. Re3 e5 30. dxe5 fxe5 (30... Nxe5 {looks sharper.} 31. Nxe5 fxe5 32. Rde1 Rce7 33. h3 Bf8) 31. f4 (31. Ba5 {looks sharper.} Rcc8 32. Nb4 Be6 33. Nxe6 Rxe6 34. Rd7) 31... Rce7 {The position is equal.} 32. fxe5 Nxe5 33. Nxe5 Bxe5 34. Rxe5 Rxe5 35. Bxe5 Rxe5 $11 {[%mdl 4096] Endgame KRB-KRN} 36. Kf2 Re7 37. Rd4 Rf7+ 38. Ke2 g5 39. Rb4 a5 40. Rb8+ Kg7 41. b4 axb4 42. Rxb4 {Strongly threatening a5.} Rf3 $1 43. a5 {[#] Threatens to win with Ra4.} Rc3 $1 {[%cal Rc3c5]} 44. Na4 Ra3 45. a6 c5 46. Nxc5 Ra5 47. Ne4 {Precision: White = 54%, Black = 47%.} 1/2-1/2

[Event "3rd GRENKE Chess Open 2018"]
[Site "Karlsruhe"]
[Date "2018.04.02"]
[Round "8"]
[White "Banusz, Tamas"]
[Black "Tomczak, Mikolaj"]
[Result "1/2-1/2"]
[WhiteElo "2618"]
[BlackElo "2394"]
[Annotator "TA"]
[PlyCount "102"]
[EventDate "2018.??.??"]
[EventType "swiss"]
[EventCountry "GER"]
[SourceTitle "playchess.com"]
[Source "ChessBase"]
[SourceQuality "1"]

{[%evp 18,102,24,34,25,23,33,31,33,25,29,22,29,10,19,8,27,14,19,19,26,8,8,9,15,0,0,0,0,0,0,0,0,0,0,0,0,-15,0,-62,-52,-57,0,0,-9,0,0,0,0,0,-4,-52,0,0,0,0,0,0,0,0,0,0,0,0,0,0,0,0,0,0,0,0,0,0,0,0,0,0,0,0,0,0,0,0,0,0,0]} 1. Nf3 Nf6 2. g3 d5 3. Bg2 c6 4. c4 g6 5. b3 Bg7 6. Bb2 O-O 7. O-O Bg4 8. d3 Bxf3 9. Bxf3 Nbd7 {A11: English Opening: 1...c6} (9... e6 10. Nd2 Ne8 11. d4 Nd6 12. e3 f5 13. a4 a5 14. Ba3 Na6 15. Be2 Re8 16. cxd5 exd5 17. Bxa6 Rxa6 {1-0 (42) Khismatullin,D (2628)-Rakhmanov,A (2654) Sochi 2017}) 10. d4 {LiveBook: 3 Games} Ne4 11. Nc3 Nxc3 {White has an edge.} 12. Bxc3 Nb6 $146 ({Predecessor:} 12... e6 13. Rb1 f5 14. Qd3 Nf6 15. b4 Ne4 16. b5 c5 17. e3 {½-½ (33) Krysztofiak,M (2396)-Schreiner,T (2276) Graz 2017}) 13. cxd5 cxd5 14. Qd3 e6 15. a4 Nc8 16. Rac1 Ne7 17. Qb5 Nf5 18. e3 Nd6 19. Qc5 b6 20. Qa3 {Bb4 is the strong threat.} a5 21. b4 Qd7 22. b5 Rfc8 23. Rc2 Rc7 24. Rfc1 Rac8 25. Qb3 Bf8 26. Be2 f5 27. Kg2 Kf7 28. g4 (28. h4 $11) 28... fxg4 $15 29. Bxg4 Ne4 (29... Nc4 $15 30. Be1 Qe7) 30. Be1 $11 Rxc2 31. Rxc2 Rc7 32. f3 Nf6 33. Bh3 Qc8 34. Re2 Nh5 (34... Bd6 $15) 35. Bg4 $1 {The position is equal.} Nf6 36. e4 Nxg4 37. fxg4 dxe4 38. Rxe4 Rc2+ 39. Kh3 Qc4 {[#] ( -> ...Qf1+)} 40. Qf3+ $1 Kg8 41. Re3 Bd6 {[%csl Gd6][%cal Rc2h2]} 42. Bg3 $1 {[%cal Rg3d6]} Bxg3 43. hxg3 Qd5 44. Qxd5 exd5 {[%mdl 4096] Endgame KR-KR} 45. Re5 Rc4 {Strongly threatening ...Kf7.} 46. Rxd5 Rxa4 47. Rd6 Rb4 48. Rxb6 Rxd4 49. Ra6 a4 50. Ra8+ Kg7 51. Ra7+ Kh6 {Precision: White = 68%, Black = 83%.} 1/2-1/2

[Event "3rd GRENKE Chess Open 2018"]
[Site "Karlsruhe"]
[Date "2018.04.02"]
[Round "8"]
[White "Bernadskiy, Vitaliy"]
[Black "Vogel, Roven"]
[Result "1/2-1/2"]
[WhiteElo "2588"]
[BlackElo "2434"]
[Annotator "TA"]
[PlyCount "84"]
[EventDate "2018.??.??"]
[EventType "swiss"]
[EventCountry "GER"]
[SourceTitle "playchess.com"]
[Source "ChessBase"]
[SourceQuality "1"]

{[%evp 17,84,67,58,27,44,0,61,69,62,40,40,40,52,58,27,0,0,0,34,31,25,5,62,70,70,66,75,0,0,0,0,0,0,-38,45,-9,44,6,61,0,17,0,0,-59,0,-11,0,0,0,0,0,0,35,37,38,0,0,0,29,-116,0,0,0,0,0,0,0,0,0]} 1. e4 c6 2. d4 d5 3. e5 Bf5 4. Nf3 e6 5. Be2 c5 6. O-O Nc6 7. c3 Qb6 8. dxc5 Bxc5 9. b4 Be7 {LiveBook: 8 Games} 10. a4 {B12: Caro-Kann: Advance Variation} (10. Be3 Qc7 11. b5 Nb8 12. Qa4 b6 13. c4 dxc4 14. Rc1 Nd7 15. Rxc4 Bc5 16. Nbd2 Ne7 17. Nb3 O-O 18. Nxc5 bxc5 19. Bxc5 Nxc5 {1-0 (69) Lastin,A (2643)-Lenderman,A (2601) ICC INT 2010}) 10... Nh6 11. Bf4 $146 ({Predecessor:} 11. a5 Qc7 12. a6 b6 13. Re1 O-O 14. Bxh6 gxh6 15. Bb5 Bg6 16. Qd2 h5 17. Na3 f6 18. Bxc6 Qxc6 {0-1 (34) Van der Poel,H-Dorenberg,G (2265) Enschede 1991}) 11... Bg6 ({Better is} 11... a6 $11) 12. a5 $14 {White is slightly better.} Qc7 13. a6 bxa6 14. Rxa6 O-O 15. Na3 Qb7 16. Qd2 Nf5 17. Nc2 Bd8 18. Rfa1 Bb6 19. R6a3 Rad8 (19... Qc7 $11) 20. b5 Nb8 21. g4 Ne7 22. Nfd4 (22. Be3 $16 Rd7 23. Nb4) 22... Bxc2 $11 23. Qxc2 Ng6 $36 {[%mdl 2048] White is under pressure.} 24. Bg3 Rc8 {[#] Hoping for ...Bxd4.} 25. Qd2 Qe7 (25... Nd7 $15) 26. g5 ({White should try} 26. Kg2 $14) 26... Rc5 (26... Nd7 $11) 27. Kg2 Rfc8 (27... Qb7 $11) 28. f4 Qc7 {[%cal Rc5c3]} 29. Rc1 Ne7 30. Bd3 (30. Bf2 $11) 30... g6 (30... Qb7 $1 $15) 31. Bf2 Qb7 32. h4 R5c7 33. h5 Nd7 34. hxg6 Nxg6 35. Bxg6 hxg6 36. Rh1 {[%cal Bc1h1,Bh1h3,Bh3h8][%mdl 32]} (36. Qd3 $5 {[%cal Rc1h1]}) 36... Bc5 37. Raa1 {[#] Threatens to win with Qd3.} Bxd4 $1 38. Qxd4 (38. Bxd4 $11 {remains equal.} Qxb5 39. Kg1) 38... Qxb5 (38... Rxc3 $17 39. Ra5 Rb3 40. Qxa7 Rxb5 41. Qxb7 Rxb7) 39. Rh3 $1 {The position is equal.} Qe2 {Strongly threatening ...Qg4+.} 40. Rah1 $1 {Intending Rh8+ and mate.} Nf8 {White must now prevent ...a5.} 41. Qb4 {White threatens Rh8+ and mate.} Kg7 {And now ...a5! would win.} 42. Rh8 $1 {Threatening mate with Qxf8+!} Qg4+ {Precision: White = 52%, Black = 52%.} 1/2-1/2

[Event "3rd GRENKE Chess Open 2018"]
[Site "Karlsruhe"]
[Date "2018.04.02"]
[Round "8"]
[White "Sadzikowski, Daniel"]
[Black "Firat, Burak"]
[Result "1/2-1/2"]
[WhiteElo "2583"]
[BlackElo "2446"]
[Annotator "TA"]
[PlyCount "83"]
[EventDate "2018.??.??"]
[EventType "swiss"]
[EventCountry "GER"]
[SourceTitle "playchess.com"]
[Source "ChessBase"]
[SourceQuality "1"]

{[%evp 24,83,15,13,14,16,60,50,56,56,57,50,66,21,25,6,1,0,0,-25,-21,-33,0,-28,-19,-14,50,0,0,0,0,0,0,-37,0,0,-7,-5,0,0,8,0,0,0,0,0,0,0,27,26,26,26,26,20,19,19,11,0,0,0,0,0]} 1. e4 e6 2. d4 d5 3. Nc3 Bb4 4. e5 c5 5. a3 Bxc3+ 6. bxc3 Qa5 7. Bd2 Qa4 8. Qg4 Kf8 9. Qd1 {C18: French: 3 Nc3 Bb4: Main line: 7 h4 and 7 Qg4} b6 10. dxc5 bxc5 11. c4 Ne7 12. cxd5 exd5 13. Nf3 {LiveBook: 3 Games} h6 14. Rb1 {[#]} Be6 $146 ({Predecessor:} 14... Bf5 15. Bd3 Nd7 16. O-O Bxd3 17. cxd3 Qxd1 18. Rfxd1 {½-½ (41) Sutovsky,E (2622)-Kovalenko,I (2667) Poikovsky 2016}) 15. Bb5 Qe4+ 16. Be2 $1 Nd7 17. O-O Nxe5 18. Nxe5 Qxe5 19. Bf3 Rd8 20. c3 Kg8 21. Qa4 Ng6 22. Bd1 Kh7 23. Re1 Qf6 24. Qxa7 c4 (24... Rc8 $11) 25. Bc2 Ra8 26. Qc5 Rhc8 27. Qd6 Rd8 28. Qf4 Qxf4 29. Bxf4 Rxa3 30. Be5 h5 31. Bd4 Kh6 32. Be3+ Kh7 33. Bd4 Kh6 34. Be3+ Kh7 35. Rbc1 Kg8 36. Bxg6 fxg6 37. Bd4 Bf5 38. Re7 Rd7 {The position is equal.} 39. Re8+ Kf7 40. Rb8 {And now Bc5 would win.} Rb3 41. Ra8 g5 42. h3 {Precision: White = 66%, Black = 59%.} 1/2-1/2

[Event "3rd GRENKE Chess Open 2018"]
[Site "Karlsruhe"]
[Date "2018.04.02"]
[Round "8"]
[White "Moussard, Jules"]
[Black "Shirov, Alexei"]
[Result "0-1"]
[WhiteElo "2576"]
[BlackElo "2651"]
[Annotator "TA"]
[PlyCount "145"]
[EventDate "2018.??.??"]
[EventType "swiss"]
[EventCountry "GER"]
[SourceTitle "playchess.com"]
[Source "ChessBase"]
[SourceQuality "1"]

{[%evp 12,145,30,-12,17,-19,2,-11,0,-5,-14,-16,0,-11,6,1,6,7,9,0,0,0,0,0,0,0,0,-42,-39,-31,-39,-39,-48,-94,-104,-96,-70,-77,-66,-72,-74,-72,-66,-78,-78,-77,-73,-76,-76,-78,-76,-78,-80,-82,-78,-93,-92,-88,-87,-104,-109,-110,-105,-167,-189,-194,-143,-129,-142,-129,-32,-32,-32,-32,-32,-52,-52,-49,-29,-27,-28,-89,-83,-70,-82,-81,-91,-124,-133,-149,-147,-131,-123,-170,-170,-168,-152,-413,-411,-435,-477,-447,-477,-468,-440,-470,-457,-449,-449,-428,-378,-380,-377,-374,-363,-410,-411,-480,-297,-363,-355,-338,-334,-323,-318,-1027,-791,-775,-767,-752,-609,-29972,-29972,-29981,-29978,-29989]} 1. Nf3 d5 2. b3 Bg4 3. Bb2 Nd7 4. e3 e5 (4... c6 5. h3 Bxf3 6. Qxf3 Ngf6 7. c4 e6 8. Nc3 Bb4 9. Qd1 O-O 10. Be2 e5 11. cxd5 cxd5 12. O-O a6 13. a3 Bd6 14. b4 Re8 15. Rc1 Nf8 {1-0 (42) Korobov,A (2652)-Andreikin,D (2712) Huaian 2017}) 5. h3 Bxf3 6. Qxf3 {A06: Réti Opening:1 Nf3 d5} Ngf6 7. d3 {LiveBook: 11 Games} Bd6 8. Qd1 $146 {The position is equal.} ({Predecessor:} 8. Nd2 O-O 9. g4 c6 10. h4 Qe7 11. g5 Ne8 {½-½ (61) Pingitzer,H (2399)-Petschar,K (2272) Oberwart 2003}) 8... Qe7 9. Nd2 Ba3 10. Bxa3 Qxa3 11. g3 a5 {[%cal Ba7a5,Ba5a4][%mdl 32]} 12. Bg2 a4 13. O-O O-O 14. Qc1 Qd6 15. c4 c6 16. bxa4 Rxa4 17. Qb2 Nc5 18. cxd5 cxd5 19. d4 exd4 20. exd4 Ne6 $36 {[%cal Bc5e6,Be6d4,Bd4e2][%mdl 2080] White is under pressure.} 21. Rab1 Nxd4 22. Rfd1 Ne2+ 23. Kh2 Qc5 24. Rf1 Nc3 25. Rbc1 Rc8 26. Qxb7 Rxa2 27. Nb3 Qc7 28. Qxc7 Rxc7 29. Ra1 g6 30. Rxa2 Nxa2 31. Nd4 Nc3 32. Ra1 Kg7 33. Bf1 Rb7 34. Rc1 Nce4 35. Kg2 Rb4 36. Ne2 Rb2 37. Rc8 (37. Kg1 $17) 37... Rd2 $19 38. f3 Nd6 (38... Ng5 $19 39. Rd8 Ne6) 39. Rd8 $17 Nf5 40. Kf2 g5 (40... Ra2 $17 41. Ke1 Ne3) 41. g4 $15 Nh4 42. Ke3 Ra2 {aiming for ...Ra3+.} 43. Nd4 Ra1 44. Ke2 h5 45. Rd6 Ra3 46. Rb6 {[#]} (46. Rd8 $11) 46... hxg4 $1 $17 47. hxg4 Ng8 48. Kf2 Ne7 49. Be2 Neg6 50. Ra6 Rxa6 51. Bxa6 {[%mdl 4096] Endgame KBN-KNN} Kf6 52. Ke3 Ke5 53. Nc6+ Kd6 54. Nd8 $2 (54. Na5 $17) 54... Ne5 $19 55. f4 Ng2+ 56. Kd4 Nxf4 57. Nb7+ Ke6 58. Nc5+ Kf6 59. Bc8 Nc6+ 60. Ke3 Ke7 61. Bf5 Kd6 62. Nb7+ Ke5 63. Nc5 d4+ 64. Kf3 Ne7 65. Bb1 Neg6 66. Nd7+ Kd6 67. Nf6 {intending Ne4+.} Ke6 68. Nh7 $2 {[#]} (68. Ne4 Ne5+ 69. Kg3) 68... f6 $1 {[%cal Bf7f6,Bf6g5][%mdl 32]} 69. Ke4 d3 70. Ba2+ Ke7 71. Nxg5 fxg5 72. Kf5 {[#]} Ne6 $1 73. Ke4 {Precision: White = 50%, Black = 80%.} (73. Bxe6 Nh4+) 0-1